000 00699cam a22001934a 4500
005 20250605163941.0
008 250528s ||||||||||||||||||||||||d
035 _a15017
020 _a931988349
040 _aGR-AtMCL
_bgre
_dGR-AtMCL
_eAACR2
245 1 _aAn Introduction to Microcomputers / Basic Concepts Volume 1
250 _a2nd
260 _bMcgraw Hill Osborne,
_c1980
520 _aMicroprocessors and Microcomputers, Some Fundamental Concepts, The Makings of a Microprocessor and Its Contents, The Central Processing Unit, Login Beyond the CPU, Programming Microcomputers, An Instruction Set, Index.
700 1 _aOsborne Adam
_9850
942 _cBK
999 _c622
_d622